000 00324nam a2200133Ia 4500
005 20260328101512.0
008 260328s9999||||xx |||||||||||||| ||und||
100 _aRagon, Michel
245 0 _aOU' Vivrons - Nous demain? /
_cMichel Ragon
260 _bRobert Laffont
300 _a208 p.
650 _aURBANISMO
942 _cBK
999 _c9229
_d9229